La Saint-Barthélemy, 1572 / (Record no. 171193)

MARC details
000 -LEADER
campo de control de longitud fija 00871nam a2200265 i 4500
001 - NÚMERO DE CONTROL
campo de control 171193
003 - IDENTIFICADOR DE NÚMERO DE CONTROL
campo de control ES-MaACL
005 - FECHA Y HORA DE LA ÚLTIMA TRANSACCIÓN
campo de control 20230906214549.0
008 - DATOS DE LONGITUD FIJA--INFORMACIÓN GENERAL
campo de control de longitud fija 090504s1987 be |||| | fre d
020 ## - NÚMERO INTERNACIONAL ESTÁNDAR DEL LIBRO
Número Internacional Estándar del Libro 2-87027-220-0
080 ## - NÚMERO DE LA CLASIFICACIÓN DECIMAL UNIVERSAL
Número de la Clasificación Decimal Universal 944"15/17"
080 ## - NÚMERO DE LA CLASIFICACIÓN DECIMAL UNIVERSAL
Número de la Clasificación Decimal Universal 284.5"15/17"
100 1# - ENTRADA PRINCIPAL--NOMBRE DE PERSONA
Nombre de persona Garrisson, Janine.
9 (RLIN) 140014
245 13 - MENCIÓN DEL TÍTULO
Título La Saint-Barthélemy, 1572 /
Mención de responsabilidad, etc. Janine Garrisson.
260 ## - PUBLICACIÓN, DISTRIBUCIÓN, ETC.
Lugar de publicación, distribución, etc. Bruxelles :
Nombre del editor, distribuidor, etc. Complexe,
Fecha de publicación, distribución, etc. 1987.
300 ## - DESCRIPCIÓN FÍSICA
Extensión 219 p. ;
Dimensiones 18 cm.
490 1# - MENCIÓN DE SERIE
Mención de serie La mémoire des siècles ;
Designación de volumen o secuencia 205
500 ## - NOTA GENERAL
Nota general Cronología y tablas genealógicas.
504 ## - NOTA DE BIBLIOGRAFÍA, ETC.
Nota de bibliografía, etc. Bibliografía.
650 04 - PUNTO DE ACCESO ADICIONAL DE MATERIA--TÉRMINO DE MATERIA
Término de materia o nombre geográfico como elemento de entrada Hugonotes.
9 (RLIN) 13497
651 #4 - PUNTO DE ACCESO ADICIONAL DE MATERIA--NOMBRE GEOGRÁFICO
Nombre geográfico Francia-
Subdivisión general Historia-
Subdivisión cronológica 1562-1598, Guerras de religión.
9 (RLIN) 8680
830 0# - PUNTO DE ACCESO ADICIONAL DE SERIE-TÍTULO UNIFORME
Título uniforme La mémoire des siècles ;
Designación de volumen o secuencia 205
9 (RLIN) 223158
852 4# - LOCALIZACIÓN
Ubicación ES-MaACL
Número de control de estantería E-12621
itemnumber R.140189
Nota libre . - Biblioteca Jacinto Martínez Lacalle
Holdings
Estatus retirado Estado de pérdida Estado de daño No para préstamo Biblioteca de origen Biblioteca actual Ubicación en estantería Fecha de adquisición Fuente de adquisición Total de préstamos Signatura topográfica completa Código de barras Visto por última vez Precio de reemplazo Tipo de ítem Koha
        Biblioteca del Ateneo de Madrid Biblioteca del Ateneo de Madrid Depósito 2 04/05/2009     E-12621 1179661 23/02/2023 23/02/2023 Libro impreso